00874nam a2200229 a 4500001001000000005001700010008004100027020001500068041000800083044000800091050002100099100002400120245010200144260004600246300004100292500011100333504004100444650002600485650003800511650006700549700002800616BRCA_373920190320204415.0061108s2006 nyua---##b---#000-0#eng-d a1892535181 aeng anyu 4aTR395b.K73 20061 aKraus, Hans P.cJr.10aSun PicturesbCatalogue Fifteen : From Talbot to TurnercHans P. Kraus ; text by Larry J. Schaaf. aNew YorkbHans P. Kraus, Jr., Inc.cc2006 a85 p.bil. (algunas a color)c28 cm. aCatálogo de la exposición realizada en la Galería Hans P. Kraus, Jr., Inc., 20 abril - 2 junio, 2006 aIncluye referencias bibliográficas14aCalotipovCatálogos14aDibujo fotogénicovExposiciones14aFotografíavCatálogosxHistoriaySiglo XIXzGran Bretaña1 aSchaaf, Larry J.d1947-